000 00737nam a22002175i 4500
001 165966
003 ES-MaACL
005 20250816063148.0
008 050914q18301860fr | |||||||| ||lat d
040 _aCAM
_bspa
_cCAM
100 1 _aTácito, Cayo Cornelio
_9109052
245 1 0 _aC. Cornelii Taciti quae exstant opera.
260 _aLugduni :
_b[s.n.,
_c[s.a.] (
_fLudovicus Perrin)
300 _a[4], 474 p. ;
_c17 cm.
594 _aTit. tomado de la antep.
596 _aImpreso probablemente a mediados del S. XIX.
700 1 _aPerrin, Louis,
_eimp.
_9131046
752 _aFrancia -
_dLyon
852 _aES-MaACL
_jD-336
_z-- Enc. hol.
_z-- Legado de M. de la Fuente
_q-- Falto de port.
999 _c165966
_d165966